[Event "Sachsen-Anhalt-ch op"]
[Site "Magdeburg"]
[Date "2022.11.01"]
[Round "7"]
[White "Doerge, Sven"]
[Black "Lehmann, Taylor"]
[Result "1/2-1/2"]
[WhiteElo "1943"]
[BlackElo "1753"]
[PlyCount "37"]
[EventDate "2022.10.29"]
[EventType "swiss"]
[EventRounds "7"]
[EventCountry "GER"]
[SourceTitle "CBM 211 Extra"]
[Source "ChessBase"]
[SourceDate "2023.01.31"]
[SourceVersion "1"]
[SourceVersionDate "2023.01.31"]
[SourceQuality "1"]

1. c4 c5 2. Nc3 e5 3. d3 Nc6 4. g3 d6 5. Bg2 g6 6. Bd2 Bg7 7. Nd5 Be6 8. e3 f5 9. Bc3 Nge7 10. Ne2 0-0 11. f4 Rb8 12. b3 b5 13. 0-0 bxc4 14. dxc4 Nb4 15. Nxe7+ Qxe7 16. a3 Na6 17. Bd5 Nc7 18. fxe5 dxe5 19. e4 1/2-1/2

[Event "GER-chT U10"]
[Site "Magdeburg"]
[Date "2015.12.28"]
[Round "3.3"]
[White "Klahold, Rona"]
[Black "Lehmann, Taylor"]
[Result "0-1"]
[WhiteElo "896"]
[BlackElo "949"]
[PlyCount "50"]
[EventDate "2015.12.27"]
[EventType "team-swiss"]
[EventRounds "7"]
[EventCountry "GER"]
[SourceTitle "EXT 2017"]
[Source "ChessBase"]
[SourceDate "2016.10.25"]
[SourceVersion "1"]
[SourceVersionDate "2016.10.25"]
[SourceQuality "1"]
[WhiteTeam "Paderborn Blauer Springer"]
[BlackTeam "Hettstedt"]
[WhiteTeamCountry "GER"]
[BlackTeamCountry "GER"]

1. d4 d5 2. Nc3 Nf6 3. Nf3 Bg4 4. e3 Ne4 5. Qe2 c6 6. Nxe4 dxe4 7. h3 exf3 8. gxf3 Bf5 9. Bd2 Bxc2 10. e4 Qxd4 11. Bc3 Qa4 12. b3 Qa3 13. Qxc2 e6 14. Qd2 Na6 15. Bb2 Qb4 16. Bc3 Qa3 17. Rg1 Rd8 18. Qb2 Qxb2 19. Bxb2 Bb4+ 20. Ke2 Rd2+ 21. Ke3 Rxb2 22. Bc4 Bd2+ 23. Kd3 0-0 24. Bxa6 Rd8+ 25. Kc4 Rc2# 0-1